| 000 | 01186nam a22002057a 4500 | ||
|---|---|---|---|
| 003 | JO-AjAnu | ||
| 005 | 20240918124902.0 | ||
| 008 | 240918b jo ||||| |||| 00| 0 ara d | ||
| 040 |
_aJO-AjAnu _bara _cJO-AjAnu _erda |
||
| 041 |
_aara _hara |
||
| 050 |
_aBF637 _b2024 |
||
| 100 | 1 |
_aالنعيمات، امل عبدالله عطية _eمعد _966236 |
|
| 245 | 0 |
_aمستوى اليقظة العقلية وعلاقتها بالثبات الانفعالي لدى طلبة ذوي صعوبات التعلم = The Level of Mental Alertness and its Relationship to Emotional Stability Among Students with Learning Disabilities / _cاعداد امل عبدالله عطية النعيمات ؛ اشراف ريم عبدالله الكناني |
|
| 260 | _c2024 | ||
| 300 | _a83 ورقة | ||
| 504 | _aرسالة جامعية(رسالة ماجستير في صعةبات التعلم)(جامعة عجلون الوطنية) عجلون، الاردن، كلية العلوم التربوية، 2024. | ||
| 650 | 7 | 0 |
_aاليقظة العقلية-الثبات الانفعالي-علم النفس _966238 |
| 700 | 1 |
_aالكناني، ريم عبدالله _eمشرف _964923 |
|
| 942 |
_2lcc _cTHS _n0 |
||
| 999 |
_c33700 _d33700 |
||